<?xml version="1.0" encoding="UTF-8"?><?xml-stylesheet type="text/xsl" href="static/style.xsl"?><OAI-PMH xmlns="http://www.openarchives.org/OAI/2.0/" xmlns:xsi="http://www.w3.org/2001/XMLSchema-instance" xsi:schemaLocation="http://www.openarchives.org/OAI/2.0/ http://www.openarchives.org/OAI/2.0/OAI-PMH.xsd"><responseDate>2026-04-17T04:33:52Z</responseDate><request verb="GetRecord" identifier="oai:www.recercat.cat:10230/35194" metadataPrefix="marc">https://recercat.cat/oai/request</request><GetRecord><record><header><identifier>oai:recercat.cat:10230/35194</identifier><datestamp>2025-12-20T17:08:49Z</datestamp><setSpec>com_2072_6</setSpec><setSpec>col_2072_452952</setSpec></header><metadata><record xmlns="http://www.loc.gov/MARC21/slim" xmlns:dcterms="http://purl.org/dc/terms/" xmlns:xsi="http://www.w3.org/2001/XMLSchema-instance" xmlns:doc="http://www.lyncode.com/xoai" xsi:schemaLocation="http://www.loc.gov/MARC21/slim http://www.loc.gov/standards/marcxml/schema/MARC21slim.xsd">
   <leader>00925njm 22002777a 4500</leader>
   <datafield ind2=" " ind1=" " tag="042">
      <subfield code="a">dc</subfield>
   </datafield>
   <datafield ind2=" " ind1=" " tag="720">
      <subfield code="a">Rodríguez Salés, Vanesa, 1982-</subfield>
      <subfield code="e">author</subfield>
   </datafield>
   <datafield ind2=" " ind1=" " tag="720">
      <subfield code="a">Roura, Esther</subfield>
      <subfield code="e">author</subfield>
   </datafield>
   <datafield ind2=" " ind1=" " tag="720">
      <subfield code="a">Ibañez, Raquel</subfield>
      <subfield code="e">author</subfield>
   </datafield>
   <datafield ind2=" " ind1=" " tag="720">
      <subfield code="a">Peris, Mercè</subfield>
      <subfield code="e">author</subfield>
   </datafield>
   <datafield ind2=" " ind1=" " tag="720">
      <subfield code="a">Bosch José, Francesc Xavier, 1947-</subfield>
      <subfield code="e">author</subfield>
   </datafield>
   <datafield ind2=" " ind1=" " tag="720">
      <subfield code="a">Sanjosé Llongueras, Silvia de</subfield>
      <subfield code="e">author</subfield>
   </datafield>
   <datafield ind2=" " ind1=" " tag="260">
      <subfield code="c">2018-07-19T07:33:16Z</subfield>
   </datafield>
   <datafield ind2=" " ind1=" " tag="260">
      <subfield code="c">2018-07-19T07:33:16Z</subfield>
   </datafield>
   <datafield ind2=" " ind1=" " tag="260">
      <subfield code="c">2013</subfield>
   </datafield>
   <datafield ind2=" " ind1=" " tag="520">
      <subfield code="a">BACKGROUND: Female immigration in Catalonia, Spain, increased dramatically in the last 10 years. The Public Health system in the Region, provides a free of charge opportunistic cervical cancer screening. AIM: This study examines cervical cancer screening coverage and prevalence of cytology abnormalities in Catalonia by immigration status. METHODS: The study analyzes the cytologies registered among women aged 25-65 that have been attended at the Primary Health Centers (PHC) for any reason (n = 1,242,230) during 2008-2011. Coverage was estimated from Governmental data base Information System Primary Care (SISAP) that includes 77% of PHC. The database is anonymous, and includes information on age, country of birth, diagnostic center, and cytology results.&#xd;
RESULTS: During the period 2008-2011, 642,643 smears were performed in a total of 506,189 women over 14 years, of whom 18.3% were immigrants. Cytology coverage was higher among immigrant women compared to Spanish born (51.2 and 39% respectively). Immigrant women also had a higher prevalence of abnormal Paps compared to the Spanish population, 4.5 and 2.9% respectively (p &amp;lt; 0.001). CONCLUSION: Immigrant women in Catalonia had a high access to the Public Health Services and to cervical cancer screening facilities. The higher prevalence of abnormal cytologies in immigrant women compared to native women indicates the relevance to prioritize cervical cancer screening activities on a regular base in new comers.</subfield>
   </datafield>
   <datafield ind2=" " ind1=" " tag="520">
      <subfield code="a">Funding: Supported in part by grants from Instituto Carlos III, Spain (RCESPC03/09, RTICESPC03/10, RTICRD06/0020/0095RD12/0036/0056, and CIBERESP), the Agencia de Gestión de Ayudas Universitarias y de Investigación (AGAUR) from Government of Catalonia (2005SGR00695 and 2009SGR126), theLilly Foundation and the Health Department of Government of Catalonia. Vanesa Rodríguez-Salés is a recipient of Bellvitge Biomedical Research Institute Predoctoral grant</subfield>
   </datafield>
   <datafield tag="653" ind2=" " ind1=" ">
      <subfield code="a">Cèrvix uterí -- Càncer</subfield>
   </datafield>
   <datafield tag="653" ind2=" " ind1=" ">
      <subfield code="a">Citologia</subfield>
   </datafield>
   <datafield tag="653" ind2=" " ind1=" ">
      <subfield code="a">Serveis sanitaris</subfield>
   </datafield>
   <datafield tag="653" ind2=" " ind1=" ">
      <subfield code="a">Emigració i immigració</subfield>
   </datafield>
   <datafield ind2="0" ind1="0" tag="245">
      <subfield code="a">Coverage of cervical cancer screening in Catalonia for the period 2008-2011 among immigrants and Spanish-born women</subfield>
   </datafield>
</record></metadata></record></GetRecord></OAI-PMH>